000 00473nam a2200169 4500
003 SEACOMMC
005 20250429105838.0
008 241219b |||||||| |||| 00| 0 eng d
020 _a978-81-8901-209-0
_cRs.525.00
040 _aSEACOMMC
082 _a 639.92
_bM 255
100 _a Mallya, Abhilash
245 1 _aWildlife Tourism And Conservation
_c Abhilash Mallya
260 _aDelhi
_bGnosis Publishers
_c 2006
650 _aNational History & Geography
942 _cBOOK
999 _c905
_d905